000 00629nam a2200241 i 4500
001 C2-0236257
003 PPAK
005 20180727200104.0
008 011002s1999 enk |||| ||||| | eng d
020 _a0552147192
040 _aPPAK
_beng
_cPPAK
_erda
082 0 4 _a823
_223
090 0 0 _a823
_bFOR
_dG
100 1 _aForsyth, Frederick,
_eauthor
245 1 4 _aThe phantom of Manhattan
264 1 _aLondon :
_bCorgi Books ,
_c1999 ; 2000
300 _a250 pages ;
_c18 cm
336 _2rdacontent
_atext
337 _2rdamedia
_aunmediated
338 _2rdacarrier
_avolume
650 1 0 _aEnglish fiction
942 _ddc
_cB
999 _c52090
_d52090